Brésil - Joueurs emblématiques - Statistiques

Statistiques générales
  • Ce quiz a été pris 285 fois
  • Le résultat moyen est 18 sur 30
Statistiques - réponses
Indices Joueur % Correct
Attquant considéré comme le meilleur 9 de l'histoire du foot, ballon d'or 1997 et 2002, 62 buts en sélection Ronaldo
97%
Joueur le plus cher de l'histoire du football, vainqueur de la Ligue des Champions 2015 avec le FC Barcelone, 3 fois champion de France avec le PSG Neymar
96%
Meilleur buteur de la sélection, considéré comme le meilleur joueur de l'histoire du football, 3 Coupe du Monde Pelé
96%
Milieu de terrain extrêmement complet, vainqueur de la Ligue des Champions 2007 avec l'AC Milan, ballon d'or 2007 Kaká
93%
Plus grand technicien de l'histoire du football, vainqueur de la C1 en 2006 avec le FC Barcelone, ballon d'or 2005 Ronaldinho
92%
Défenseur gauche réputé pour sa frappe de balle surpuissante, 2ème joueur le plus capé de la sélection Roberto Carlos
91%
Milieu offensif gaucher comptant 130 buts pour le FC Barcelone, vainqueur de la C1 2003 avec l'AC Milan, ballon d'or 1999 Rivaldo
80%
Meilleur tireur de coup franc de l'histoire avec 75 réalisations, 100 buts pour l'OL, 40 sélections Juninho
79%
Joueur le plus capé de la sélection, vainqueur des Coupe du Monde 1994 et 2002, vainqueur de la C1 2007 avec l'AC Milan Cafu
76%
Brésilien le plus capé du PSG, 89 sélections en équipe nationale, vainqueur de la Copa America 2019 Thiago Silva
76%
Buteur très prolifique avec 772 buts en carrière, meilleur joueur de la Coupe du Monde 1994 qu'il remporte, champion d'Espagne 1994 avec le FC Barcelone Romário
75%
Joueur le plus titré de l'histoire du foot, presque 400 matchs pour le FC Barcelone, meilleur joueur de la Copa America 2019 Dani Alves
74%
Défenseur gauche très technique du Real Madrid, vainqueur de 4 Ligue des Champions, 4ème de la Coupe du Monde 2014 Marcelo
74%
Gardien de but comptant 91 sélections, vainqueur des Ligues des Champions 2003 et 2007 avec l'AC Milan Dida
67%
Ailier dôté d'un sens du dribble hors du commun, célèbre pour sa particularité physique avec ses "jambes courbées", champion du Monde 1958 et 1962 Garrincha
66%
Milieu offfensif surnommé "le docteur", connu pour son engagement politique en dehors des terrains, 22 buts en sélection Sócrates
64%
Excellent dribbleur passé par le Real Madrid et l'AC Milan, meilleur buteur de la Copa America 2007, actuel attaquant de l'Istanbul Başakşehir Robinho
61%
Milieu offensif pouvant jouer latéral gauche, vainqueur de la Coupe du Monde 1994, actuel directeur sportif du PSG Leonardo
60%
Meilleur buteur brésilien du PSG, champion de France 1994, vainqueur de la Coupe du Monde 1994 Raí
58%
Milieu offensif comptant 52 buts en 72 sélections, meilleur buteur de Flamengo, 3ème de la Coupe du Monde 1978 Zico
56%
Avant-centre réputé pour sa puissance physique, 27 buts en sélection, 4 fois champion d'Italie avec l'Inter Milan Adriano
55%
Attaquant célèbre pour son duo avec Romario en sélection, passé par 9 clubs, vainqueur de la Coupe du Monde 1994 Bebeto
46%
Arrière doit buteur lors de la finale de la Coupe du Monde 1970 qu'il remporte, capitaine du Brésil durant cette période, 445 matchs pour Santos Carlos Alberto
45%
Milieu de terrain ayant joué une trentaine de matchs dans le championnat brésilien, surtout célèbre pour sa carrière d'entraîneur, actuel sélectionneur Tite
26%
Gardien de but ayant la particularité de tirer les coups de pied arrêtés ce qui en fait le recordman de buts inscrits pour un gardien avec 132 buts Rogério Ceni
24%
Milieu de terrain considéré comme l'inventeur de la frappe "en feuille morte", vainqueur des Coupe du Monde 1958 et 1962, 19ème joueur du XXème siècle selon l'IFFHS Didi
21%
Milieu offensif comptant plus de 150 matchs pour le PSG, vainqueur de la Copa America 1989 Valdo
18%
Meneur de jeu ayant joué l'essentiel de sa carrière au Brésil, joueur considéré comme l'inventeur de la virgule, 26 buts en 92 sélection Rivelino
17%
2ème gardien le plus capé de la sélection, connu pour son tempérament calme, vainqueur des Coupe du Monde 1958 et 1962 Gilmar
12%
Joueur le plus capé de Botafogo, 75 sélections en équipe nationale, vainqueur des Coupe du Monde 1958 et 1962 Nílton Santos
12%
Aucun quiz correspondant
Distribution des résultats
% des personnes avec chaque résultat
Percentile par nombre de réponses
Votre historique - résultats
Vous n’avez pas pris ce quiz